Teaching and assessment of the microskills / (Record no. 2356)

MARC details
000 -LEADER
fixed length control field 00856nam a22002297a 4500
005 - DATE AND TIME OF LATEST TRANSACTION
control field 20250116062348.0
008 - FIXED-LENGTH DATA ELEMENTS--GENERAL INFORMATION
fixed length control field 250116b |||||||| |||| 00| 0 eng d
020 ## - INTERNATIONAL STANDARD BOOK NUMBER
International Standard Book Number 978-621-451-024-5
082 ## - DEWEY DECIMAL CLASSIFICATION NUMBER
Classification number Fil. 372.6 T253 2022
100 ## - MAIN ENTRY--PERSONAL NAME
Personal name Alda, Rivika C.
245 ## - TITLE STATEMENT
Title Teaching and assessment of the microskills /
Statement of responsibility, etc. Rivika C. Alda, Ethel L. Abao, Filomena T. Dayagbil, Judith D. Dalagan
260 ## - PUBLICATION, DISTRIBUTION, ETC.
Place of publication, distribution, etc. Quezon City:
Name of publisher, distributor, etc. Lorimar Publishing,
Date of publication, distribution, etc. c2022
300 ## - PHYSICAL DESCRIPTION
Extent xii, 148p.:
Other physical details ill.
504 ## - BIBLIOGRAPHY, ETC. NOTE
Bibliography, etc. note Includes bibliographical references
541 ## - IMMEDIATE SOURCE OF ACQUISITION NOTE
Accession number 7703 c.1, 7704 c.2
650 ## - SUBJECT ADDED ENTRY--TOPICAL TERM
Topical term or geographic name entry element Language arts - Study and teaching (Elementary)
650 ## - SUBJECT ADDED ENTRY--TOPICAL TERM
Topical term or geographic name entry element Language - Ability testing
650 ## - SUBJECT ADDED ENTRY--TOPICAL TERM
Topical term or geographic name entry element Communication skills - Study and teaching (Elementary)
700 ## - ADDED ENTRY--PERSONAL NAME
Personal name Abao, Ethel L.
Relator term author
700 ## - ADDED ENTRY--PERSONAL NAME
Personal name Dayagbil, Filomena T.
Relator term author
700 ## - ADDED ENTRY--PERSONAL NAME
Personal name Dalagan, Judith D.
Relator term author
Holdings
Withdrawn status Lost status Source of classification or shelving scheme Damaged status Not for loan Home library Current library Date acquired Total Checkouts Full call number Barcode Date last seen Copy number Price effective from Koha item type
    Dewey Decimal Classification     ctu-moalboal ctu-moalboal 01/12/2024   Fil. 372.6 T253 2022 7703 01/16/2025 1 01/16/2025 Books-Filipiniana
    Dewey Decimal Classification     ctu-moalboal ctu-moalboal 01/12/2024   Fil. 372.6 T253 2022 7704 01/16/2025 2 01/16/2025 Books-Filipiniana